Polyolefin elastomers based on ethylene and propylene (1972 reviews) (Record no. 65290)

MARC details
000 -LEADER
fixed length control field 00422nam a2200145Ia 4500
100 ## - MAIN ENTRY--AUTHOR NAME
Personal name Baldwin F P
245 #0 - TITLE STATEMENT
Title Polyolefin elastomers based on ethylene and propylene (1972 reviews)
260 ## - PUBLICATION, DISTRIBUTION, ETC. (IMPRINT)
Name of publisher Rubber Chemistry and Technology
Year of publication 1972
300 ## - PHYSICAL DESCRIPTION
Number of Pages 709-881
650 ## - SUBJECT ADDED ENTRY--TOPICAL TERM
Topical Term 1972 reviews
650 ## - SUBJECT ADDED ENTRY--TOPICAL TERM
Topical Term Ethylene propylene elastomers
700 ## - ADDED ENTRY--PERSONAL NAME
Personal name Strate G Ver
942 ## - ADDED ENTRY ELEMENTS (KOHA)
Koha item type Journals
Holdings
Withdrawn status Lost status Damaged status Not for loan Home library Current library Shelving location Date acquired Serial Enumeration / chronology Koha item type
      Journals RRII Library RRII Library Rubber chemistry 17/12/2021 Volume 45, Issue Journals